|
|
|
|
| LEADER |
00000cam a2200000 7i4500 |
| 001 |
0000000626 |
| 005 |
20151222.0 |
| 008 |
070702 |
| 020 |
|
|
|a 9838323691
|
| 090 |
0 |
0 |
|a JF
|b MAL
|
| 100 |
0 |
|
|a Sam Amiro
|
| 245 |
1 |
0 |
|a Sayang Zarina sayang
|c Sam Amiro
|
| 260 |
|
|
|a Kuala Lumpur :
|b Pustaka Perintis ,
|c 2006
|
| 440 |
|
|
|a Siri antologi cerpen cereka masyarakat
|
| 500 |
|
|
|a Children ages 10-12 years old (pink)
|
| 650 |
|
0 |
|a Malay fiction
|
| 999 |
|
|
|a 0000919433
|b Book
|c Children Collection
|e Cawangan Bukit Gambir
|
| 999 |
|
|
|a 0000919434
|b Book
|c Children Collection
|e Cawangan Bukit Gambir
|
| 999 |
|
|
|a 0000919435
|b Book
|c Children Collection
|e Cawangan Bukit Gambir
|
| 999 |
|
|
|a 0000927501
|b Book
|c Children Collection
|e Cawangan Tangkak
|
| 999 |
|
|
|a 0000927502
|b Book
|c Children Collection
|e Cawangan Tangkak
|
| 999 |
|
|
|a 0000927503
|b Book
|c Children Collection
|e Cawangan Tangkak
|
| 999 |
|
|
|a 0000960753
|b Book
|c Children Collection
|e Cawangan Pontian
|
| 999 |
|
|
|a 0000960754
|b Book
|c Children Collection
|e Cawangan Tangkak
|
| 999 |
|
|
|a 0000960755
|b Book
|c Children Collection
|e Cawangan Tangkak
|
| 999 |
|
|
|a 0000960756
|b Book
|c Children Collection
|e Cawangan Tangkak
|
| 999 |
|
|
|a 0000975397
|b Book
|c Children Collection
|e Cawangan Tangkak
|